Applied sonochemistry : the uses of power ultrasound in chemistry and processing /
Guardado en:
| Autor principal: | |
|---|---|
| Otros Autores: | |
| Formato: | Libro |
| Lenguaje: | inglés |
| Publicado: |
Weinheim
Wiley-VCH
c2002.
|
| Materias: | |
| Acceso en línea: | Publisher description Table of contents Ver en el OPAC |
| Etiquetas: |
Sin Etiquetas, Sea el primero en etiquetar este registro!
|
MARC
| LEADER | 00000cam a2200000 a 4500 | ||
|---|---|---|---|
| 005 | 20260127134411.0 | ||
| 008 | 080903s2001 gw a b 001 0 eng d | ||
| 010 | |a 2002-280328 | ||
| 015 | |a GBA1-V6176 | ||
| 020 | |a 3527302050 (acidfree paper) | ||
| 035 | |a vtls009329072 | ||
| 039 | 9 | |a 200809030840 |b mschk03 |y 200809030836 |z mschk03 | |
| 040 | |a OHX |b eng |c OHX |d UKM |d CUS |d DLC |d STUSCHK1 | ||
| 042 | |a lccopycat | ||
| 082 | 0 | 0 | |a 542 |2 21 |
| 100 | 1 | |a Mason, T. J. | |
| 245 | 1 | 0 | |a Applied sonochemistry : |b the uses of power ultrasound in chemistry and processing / |c Timothy J. Mason and John P. Lorimer. |
| 260 | |a Weinheim |b Wiley-VCH |c c2002. | ||
| 300 | |a ix, 303 p. |b ill. |c 25 cm. | ||
| 504 | |a Includes bibliographical references and index. | ||
| 650 | 0 | |a Sonochemistry |x Industrial applications. | |
| 650 | 0 | |a Ultrasonic waves |x Industrial applications. | |
| 650 | 0 | |a Cavitation |x Industrial applications. | |
| 700 | 1 | |a Lorimer, J. Phillip. | |
| 856 | 4 | 2 | |3 Publisher description |u http://www.loc.gov/catdir/description/wiley035/2002280328.html |
| 856 | 4 | 1 | |3 Table of contents |u http://www.loc.gov/catdir/toc/wiley023/2002280328.html |
| 906 | |a 7 |b cbc |c copycat |d 2 |e ncip |f 20 |g y-gencatlg | ||
| 910 | |a SCHK95 | ||
| 919 | |a 3-527-30205-0 | ||
| 925 | 0 | |a acquire |b 2 shelf copy |x policy default | |
| 999 | |c 11863 |d 11863 | ||